| Tag |
First Indicator |
Second Indicator |
Subfields |
| LEADER |
00000cgm a2200000Mi 4500 |
| 001 |
in00005513708 |
| 006 |
m o c |
| 007 |
vz |za||| |
| 007 |
cr |za|||||||| |
| 008 |
160217s2016 enk015 f o vleng d |
| 005 |
20241105202926.7 |
| 035 |
|
|
|a (OCoLC)on1017731141
|
| 040 |
|
|
|a SGPBL
|b eng
|e rda
|e pn
|c SGPBL
|d OCLCO
|d OCLCF
|d NRC
|d OCLCQ
|d OCLCO
|d OCLCA
|d OCLCO
|d OCLCL
|
| 020 |
|
|
|a 9781473972117
|q (streaming video)
|
| 020 |
|
|
|a 1473972116
|
| 035 |
|
|
|a (OCoLC)1017731141
|
| 041 |
0 |
|
|j eng
|
| 050 |
|
4 |
|a P96.T47
|
| 082 |
0 |
4 |
|a 303.625
|2 23
|
| 049 |
|
|
|a TXAM
|
| 245 |
0 |
4 |
|a The new marketing of terrorism.
|
| 264 |
|
1 |
|a London, United Kingdom :
|b SAGE Publications Ltd,
|c 2016.
|
| 300 |
|
|
|a 1 online resource (1 video file (15 min., 7 sec.)) :
|b sound, colour
|
| 336 |
|
|
|a two-dimensional moving image
|b tdi
|2 rdacontent
|
| 337 |
|
|
|a computer
|b c
|2 rdamedia
|
| 338 |
|
|
|a online resource
|b cr
|2 rdacarrier
|
| 490 |
1 |
|
|a SAGE video cases
|
| 511 |
0 |
|
|a Presenter, Paul Baines.
|
| 520 |
8 |
|
|a Professor Paul Baines examines the marketing of terrorism, focusing particularly on al-Qaeda and ISIS. He discusses why these groups engage in marketing, different techniques they use, and why terrorist propaganda works.
|
| 521 |
|
|
|a Specialized.
|
| 546 |
|
|
|a Closed-captions in English.
|
| 588 |
0 |
|
|a Online resource; title from home page (viewed on February 22, 2016).
|
| 610 |
2 |
0 |
|a Boko Haram.
|
| 610 |
2 |
0 |
|a IS (Organization)
|
| 610 |
2 |
0 |
|a Qaida (Organization)
|
| 610 |
2 |
0 |
|a Shabaab (Organization)
|
| 610 |
2 |
7 |
|a Boko Haram.
|2 fast
|0 (OCoLC)fst01912021
|
| 610 |
2 |
7 |
|a IS (Organization)
|2 fast
|0 (OCoLC)fst01914325
|
| 610 |
2 |
7 |
|a Qaida (Organization)
|2 fast
|0 (OCoLC)fst00763708
|
| 610 |
2 |
7 |
|a Shabaab (Organization)
|2 fast
|0 (OCoLC)fst01787723
|
| 650 |
|
0 |
|a Terrorism and mass media.
|
| 650 |
|
6 |
|a Terrorisme et médias.
|
| 650 |
|
7 |
|a Terrorism and mass media.
|2 fast
|0 (OCoLC)fst01148149
|
| 655 |
|
7 |
|a Internet videos.
|2 fast
|0 (OCoLC)fst01750214
|
| 655 |
|
7 |
|a Nonfiction television programs.
|2 fast
|0 (OCoLC)fst01710270
|
| 655 |
|
7 |
|a Nonfiction television programs.
|2 lcgft
|
| 655 |
|
7 |
|a Internet videos.
|2 lcgft
|
| 655 |
|
7 |
|a Émissions télévisées autres que de fiction.
|2 rvmgf
|
| 655 |
|
7 |
|a Vidéos sur Internet.
|2 rvmgf
|
| 700 |
1 |
|
|a Baines, Paul,
|d 1973-
|e on-screen presenter.
|1 https://id.oclc.org/worldcat/entity/E39PBJxMkpWpR8BfypMvDv67pP
|
| 758 |
|
|
|i has work:
|a The new marketing of terrorism (MovingImage)
|1 https://id.oclc.org/worldcat/entity/E39PCGVWdtQc3vTY7YRJ3crtTd
|4 https://id.oclc.org/worldcat/ontology/hasWork
|
| 830 |
|
0 |
|a SAGE video cases.
|
| 856 |
4 |
0 |
|u http://proxy.library.tamu.edu/login?url=https://sk.sagepub.com/video/the-new-marketing-of-terrorism
|z Connect to the full streaming video
|t 0
|
| 955 |
|
|
|a SAGE Video Politics and Interational Relations
|
| 994 |
|
|
|a 92
|b TXA
|
| 999 |
f |
f |
|s 940be728-a36b-4aac-b5aa-c17384d3b0f0
|i c0716343-7616-46fe-8817-380253eb0630
|t 0
|
| 952 |
f |
f |
|a Texas A&M University
|b College Station
|c Electronic Resources
|d Available Online
|t 0
|e P96.T47
|h Library of Congress classification
|
| 998 |
f |
f |
|a P96.T47
|t 0
|l Available Online
|